000
00183 a2200097 4500
020
_a
9781575652429
041
_a
spa
100
_a
Annie Cobb
245
_a
La Larga Espera
942
_c
BK
999
_c
15634
_d
15634